| 000 | 01072cab a2200265 4500 | ||
|---|---|---|---|
| 001 | ABS59949 | ||
| 008 | 090401t1999 xxu||||| |||| 00| 0 eng d | ||
| 035 | _a(Sirsi) u91061 | ||
| 041 | _aeng | ||
| 100 | _aHolliday, J. | ||
| 245 | _aCountry planning - now is a different era | ||
| 260 | _c1999 | ||
| 350 | _a0 | ||
| 490 |
_aTown & Country Planning _v68(1) January 1999, 26-27(2) |
||
| 520 | _aArgues that the increasingly intensive use of resources caused by a rising population and growing urbanisation will require a change in attitude towards the countryside. Currently viewed as something to be exploited, or conserved, we will need to come to view the countryside as a vital support for urban living, and countryside planning will need to become more positive to reflect this change. | ||
| 650 | _aCOUNTRYSIDE PLANNING | ||
| 650 | _aCOUNTRYSIDE | ||
| 650 | _aFOOD PRODUCTION | ||
| 650 | _aPOPULATION GROWTH | ||
| 650 | _aRURAL AREAS | ||
| 650 | _aURBAN LIVING | ||
| 690 | _aENVIRONMENTAL AND LAND CONSULTANCY | ||
| 942 | _n0 | ||
| 948 | _c02/02/1999 | ||
| 999 |
_c57776 _d57776 |
||